<?xml version="1.0" encoding="UTF-8"?>
<collection xmlns="http://www.loc.gov/MARC21/slim">
 <record>
  <leader>02146nam a22002777a 4500</leader>
  <controlfield tag="001">NCT_47093</controlfield>
  <controlfield tag="008">180713b        xxu||||| |||| 00| 0 vie d</controlfield>
  <datafield tag="999" ind1=" " ind2=" ">
   <subfield code="c">2254</subfield>
   <subfield code="d">2254</subfield>
  </datafield>
  <datafield tag="020" ind1=" " ind2=" ">
   <subfield code="a">9786049501753</subfield>
   <subfield code="c">145000</subfield>
  </datafield>
  <datafield tag="082" ind1="0" ind2="4">
   <subfield code="2">23rd ed.</subfield>
   <subfield code="a">681.7664</subfield>
   <subfield code="b">M312/T2</subfield>
  </datafield>
  <datafield tag="100" ind1="1" ind2=" ">
   <subfield code="a">Tôn Thất Minh</subfield>
   <subfield code="e">Chủ biên</subfield>
  </datafield>
  <datafield tag="245" ind1="1" ind2="0">
   <subfield code="a">Giáo trình các quá trình và thiết bị trong công nghệ thực phẩm - công nghệ sinh học</subfield>
   <subfield code="n">Tập 2</subfield>
   <subfield code="p">Các quá trình và thiết bị trao đổi nhiệt</subfield>
   <subfield code="c">Tôn Thất Minh (chủ biên); Phạm Anh Tuấn, Nguyễn Tân Thành</subfield>
  </datafield>
  <datafield tag="250" ind1=" " ind2=" ">
   <subfield code="a">Xuất bản lẩn thứ hai</subfield>
  </datafield>
  <datafield tag="260" ind1=" " ind2=" ">
   <subfield code="a">H.</subfield>
   <subfield code="b">Bách Khoa Hà Nội</subfield>
   <subfield code="c">2015</subfield>
  </datafield>
  <datafield tag="300" ind1=" " ind2=" ">
   <subfield code="a">416 tr.</subfield>
   <subfield code="b">Hình vẽ, bảng</subfield>
   <subfield code="c">24cm</subfield>
  </datafield>
  <datafield tag="520" ind1="3" ind2=" ">
   <subfield code="a">Nội dung của giáo trình cung cấp cho sinh viên chuyên ngành sinh học thực phẩm một lượng kiến thức cơ bản, đầy đủ về lĩnh vực chuyển khối, về các lĩnh vực trao đổi nhiệt và các quá trình gia công cơ học.</subfield>
  </datafield>
  <datafield tag="653" ind1=" " ind2=" ">
   <subfield code="a">Công nghệ thực phẩm</subfield>
  </datafield>
  <datafield tag="700" ind1="1" ind2=" ">
   <subfield code="a">Phạm Anh Tuấn</subfield>
  </datafield>
  <datafield tag="700" ind1="1" ind2=" ">
   <subfield code="a">Nguyễn Tân Thành</subfield>
  </datafield>
  <datafield tag="942" ind1=" " ind2=" ">
   <subfield code="2">ddc</subfield>
   <subfield code="c">BK</subfield>
  </datafield>
  <datafield tag="952" ind1=" " ind2=" ">
   <subfield code="0">0</subfield>
   <subfield code="1">0</subfield>
   <subfield code="2">ddc</subfield>
   <subfield code="4">0</subfield>
   <subfield code="6">681_766400000000000_M312_T2</subfield>
   <subfield code="7">0</subfield>
   <subfield code="9">12857</subfield>
   <subfield code="a">000001</subfield>
   <subfield code="b">000001</subfield>
   <subfield code="d">2018-07-13</subfield>
   <subfield code="o">681.7664 M312/T2</subfield>
   <subfield code="p">MD.12731</subfield>
   <subfield code="r">2018-07-13</subfield>
   <subfield code="v">145000.00</subfield>
   <subfield code="w">2018-07-13</subfield>
   <subfield code="y">BK</subfield>
  </datafield>
  <datafield tag="952" ind1=" " ind2=" ">
   <subfield code="0">0</subfield>
   <subfield code="1">0</subfield>
   <subfield code="2">ddc</subfield>
   <subfield code="4">0</subfield>
   <subfield code="6">681_766400000000000_M312_T2</subfield>
   <subfield code="7">0</subfield>
   <subfield code="9">12858</subfield>
   <subfield code="a">000001</subfield>
   <subfield code="b">000001</subfield>
   <subfield code="d">2018-07-13</subfield>
   <subfield code="l">2</subfield>
   <subfield code="o">681.7664 M312/T2</subfield>
   <subfield code="p">MD.12737</subfield>
   <subfield code="r">2021-05-15</subfield>
   <subfield code="s">2021-04-29</subfield>
   <subfield code="v">145000.00</subfield>
   <subfield code="w">2018-07-13</subfield>
   <subfield code="y">BK</subfield>
  </datafield>
  <datafield tag="952" ind1=" " ind2=" ">
   <subfield code="0">0</subfield>
   <subfield code="1">0</subfield>
   <subfield code="2">ddc</subfield>
   <subfield code="4">0</subfield>
   <subfield code="6">681_766400000000000_M312_T2</subfield>
   <subfield code="7">0</subfield>
   <subfield code="9">12859</subfield>
   <subfield code="a">000001</subfield>
   <subfield code="b">000001</subfield>
   <subfield code="d">2018-07-13</subfield>
   <subfield code="l">2</subfield>
   <subfield code="o">681.7664 M312/T2</subfield>
   <subfield code="p">MD.12738</subfield>
   <subfield code="r">2021-03-23</subfield>
   <subfield code="s">2021-03-09</subfield>
   <subfield code="v">145000.00</subfield>
   <subfield code="w">2018-07-13</subfield>
   <subfield code="y">BK</subfield>
  </datafield>
  <datafield tag="952" ind1=" " ind2=" ">
   <subfield code="0">0</subfield>
   <subfield code="1">0</subfield>
   <subfield code="2">ddc</subfield>
   <subfield code="4">0</subfield>
   <subfield code="6">681_766400000000000_M312_T2</subfield>
   <subfield code="7">0</subfield>
   <subfield code="9">12860</subfield>
   <subfield code="a">000001</subfield>
   <subfield code="b">000001</subfield>
   <subfield code="d">2018-07-13</subfield>
   <subfield code="l">3</subfield>
   <subfield code="o">681.7664 M312/T2</subfield>
   <subfield code="p">MD.12739</subfield>
   <subfield code="r">2018-10-18</subfield>
   <subfield code="s">2018-10-03</subfield>
   <subfield code="v">145000.00</subfield>
   <subfield code="w">2018-07-13</subfield>
   <subfield code="y">BK</subfield>
  </datafield>
  <datafield tag="952" ind1=" " ind2=" ">
   <subfield code="0">0</subfield>
   <subfield code="1">0</subfield>
   <subfield code="2">ddc</subfield>
   <subfield code="4">0</subfield>
   <subfield code="6">681_766400000000000_M312_T2</subfield>
   <subfield code="7">0</subfield>
   <subfield code="9">12861</subfield>
   <subfield code="a">000001</subfield>
   <subfield code="b">000001</subfield>
   <subfield code="d">2018-07-13</subfield>
   <subfield code="l">2</subfield>
   <subfield code="o">681.7664 M312/T2</subfield>
   <subfield code="p">MD.12740</subfield>
   <subfield code="r">2018-09-07</subfield>
   <subfield code="s">2018-08-24</subfield>
   <subfield code="v">145000.00</subfield>
   <subfield code="w">2018-07-13</subfield>
   <subfield code="y">BK</subfield>
  </datafield>
  <datafield tag="980" ind1=" " ind2=" ">
   <subfield code="a">Thư viện Trường Đại học Nam Cần Thơ</subfield>
  </datafield>
 </record>
</collection>
